000 00429nam a22001697a 4500
003 OSt
020 _a0782127304
040 _c0
082 _222
_aC2000
100 _aMinas, Mark ...[et al.]
245 _aLinux for windows NT/2000 Administrators :
_bthe secret decoder ring /
260 _aUSA,
_bSybex,
_cc2000.
300 _axxxiv, 526 p. ;
_bill. ;
700 _aYork, Dan and
700 _aHunt, Craig.
942 _2ddc
_cIT
_01
999 _c4386
_d4386